00870nam a2200193 i 450000100060000000300090000600500170001500700030003200800410003510000480007624501220012425000490024626000440029530000280033959401360036785200370050399900170054095201190055763808ES-MaACL20251017063051.0t|031217s1903 xxu ||||1| spa d1 aFigueroa, Francisco de, d1536-1617915180110aObras de Francisco de Figueroa, Laureado Pindaro Español / cPublicadas por el Licenciado Luis Tribaldos de Toledo. aEnmendadas, i mui añadidas en esta 2ª ed. a[Nueva York : bDe Vinne Press, c1903] a16 h., 64 p. ; c15 cm. aTraducción de: Lisboa: Pedro Craesbeeck-1626, hecha a expensas de Mr. Archer M. Huntington. Constó la tirada de 200 ejemplares. aES-MaACLjR-621 x Olim: D-3978 c63808d63808 00104070aATENEOMbATENEOMcDEPOd2008-01-17eSCl0oR-621p1066870r2023-02-23 00:00:00w2023-02-23yMONOGRAFIA